000 00666nam a2200277Ia 4500
005 20260324121708.0
008 008 260324s9999 xx 000 0 eng d
020 _a9780367818470
037 _aEBOOK
040 _aCRL
040 _beng
040 _cCRL
041 _2eng
041 _aeng
084 _qCRL
100 _aNeera Chandhoke; Sanjay Kumar Agrawal
_91163513
245 0 _aSocial Protection Policies in South Asia
260 _bTaylor and Francis
260 _c2013
365 _a
365 _b150
856 _uhttp://www.taylorfrancis.com/books/9780367818470
942 _cEBOOK
999 _c1755786
_d1755786